<?xml version="1.0" encoding="UTF-8"?>
<record
    xmlns:xsi="http://www.w3.org/2001/XMLSchema-instance"
    xsi:schemaLocation="http://www.loc.gov/MARC21/slim http://www.loc.gov/standards/marcxml/schema/MARC21slim.xsd"
    xmlns="http://www.loc.gov/MARC21/slim">

  <leader>01447nam a2200301 a 4500</leader>
  <controlfield tag="001">1422</controlfield>
  <controlfield tag="003">BR-CuiBMT</controlfield>
  <controlfield tag="005">20231207233558.0</controlfield>
  <controlfield tag="008">231127s2015    ceba          000 0 por d</controlfield>
  <datafield tag="020" ind1=" " ind2=" ">
    <subfield code="a">9788575296981 (v. 1)</subfield>
  </datafield>
  <datafield tag="020" ind1=" " ind2=" ">
    <subfield code="a">9788575296998 (v. 2)</subfield>
  </datafield>
  <datafield tag="020" ind1=" " ind2=" ">
    <subfield code="a">9788575297001 (v. 3)</subfield>
  </datafield>
  <datafield tag="040" ind1=" " ind2=" ">
    <subfield code="a">BR-CuiBMT</subfield>
    <subfield code="c">BR-CuiBMT</subfield>
  </datafield>
  <datafield tag="080" ind1=" " ind2=" ">
    <subfield code="a">336.14</subfield>
    <subfield code="x">(813.1)</subfield>
    <subfield code="2">2007</subfield>
  </datafield>
  <datafield tag="090" ind1=" " ind2=" ">
    <subfield code="a">336.14(813.1)</subfield>
    <subfield code="b">C764</subfield>
  </datafield>
  <datafield tag="245" ind1="1" ind2="0">
    <subfield code="a">Controle cidad&#xE3;o /</subfield>
    <subfield code="c">Daniela Nogueira (org.).</subfield>
  </datafield>
  <datafield tag="260" ind1=" " ind2=" ">
    <subfield code="a">Fortaleza :</subfield>
    <subfield code="b">Tribunal de Contas do Estado do Cear&#xE1;,</subfield>
    <subfield code="c">2015.</subfield>
  </datafield>
  <datafield tag="300" ind1=" " ind2=" ">
    <subfield code="a">3 v. :</subfield>
    <subfield code="b">il. ;</subfield>
    <subfield code="c">23 cm +</subfield>
    <subfield code="e">1 CD-ROM</subfield>
  </datafield>
  <datafield tag="500" ind1=" " ind2=" ">
    <subfield code="a">Publica&#xE7;&#xE3;o relacionada ao Curso Controle Cidad&#xE3;o realizado em parceria com Funda&#xE7;&#xE3;o Dem&#xF3;crito Rocha, Universidade Aberta do Nordeste e Tribunal de Contas do Estado do Cear&#xE1;.</subfield>
  </datafield>
  <datafield tag="504" ind1=" " ind2=" ">
    <subfield code="a">Inclui bibliografia.</subfield>
  </datafield>
  <datafield tag="504" ind1=" " ind2=" ">
    <subfield code="a">Obra composta por 3 folhetos (46 p. cada um) encadernados. Reunidos foram considerados como uma monografia.
 </subfield>
  </datafield>
  <datafield tag="504" ind1=" " ind2=" ">
    <subfield code="a">Colaboraram com esta obra os seguintes autores: Luiz Henrique Lima, Rafael Barreto Souza, Benedito Teixeira, Jos&#xE9; Matias-Pereira, Bruno Konder Comparato, Natalia Martinuzzi Castilho, Gustavo Feitosa, Cesar Wagner Marques Barreto, Ubiratan Aguiar, Daniela Nogueira.</subfield>
  </datafield>
  <datafield tag="610" ind1="1" ind2="4">
    <subfield code="a">Cear&#xE1;.</subfield>
    <subfield code="b">Tribunal de Contas</subfield>
  </datafield>
  <datafield tag="650" ind1=" " ind2=" ">
    <subfield code="a">Administra&#xE7;&#xE3;o p&#xFA;blica</subfield>
    <subfield code="x">Controle</subfield>
    <subfield code="z">Cear&#xE1;</subfield>
  </datafield>
  <datafield tag="650" ind1=" " ind2=" ">
    <subfield code="a">Or&#xE7;amento p&#xFA;blico</subfield>
    <subfield code="x">Controle</subfield>
    <subfield code="z">Cear&#xE1;</subfield>
  </datafield>
  <datafield tag="700" ind1="1" ind2=" ">
    <subfield code="a">Nogueira, Daniela</subfield>
    <subfield code="4">org.</subfield>
  </datafield>
  <datafield tag="942" ind1=" " ind2=" ">
    <subfield code="2">udc</subfield>
    <subfield code="c">LV</subfield>
  </datafield>
  <datafield tag="952" ind1=" " ind2=" ">
    <subfield code="0">0</subfield>
    <subfield code="1">0</subfield>
    <subfield code="2">udc</subfield>
    <subfield code="4">0</subfield>
    <subfield code="7">0</subfield>
    <subfield code="a">BIBTCEMT</subfield>
    <subfield code="b">BIBTCEMT</subfield>
    <subfield code="d">2023-12-07</subfield>
    <subfield code="h">v. 1</subfield>
    <subfield code="l">0</subfield>
    <subfield code="o">336.14(813.1) C764</subfield>
    <subfield code="p">BIBTCEMT23120308</subfield>
    <subfield code="r">2023-12-07</subfield>
    <subfield code="t">Ex. 1</subfield>
    <subfield code="w">2023-12-07</subfield>
    <subfield code="y">LV</subfield>
  </datafield>
  <datafield tag="952" ind1=" " ind2=" ">
    <subfield code="0">0</subfield>
    <subfield code="1">0</subfield>
    <subfield code="2">udc</subfield>
    <subfield code="3">Material adicional do v. 1, Ex. 1 do livro</subfield>
    <subfield code="4">0</subfield>
    <subfield code="7">0</subfield>
    <subfield code="a">BIBTCEMT</subfield>
    <subfield code="b">BIBTCEMT</subfield>
    <subfield code="d">2023-12-07</subfield>
    <subfield code="h">v. 1</subfield>
    <subfield code="l">0</subfield>
    <subfield code="o">336.14(813.1) C764</subfield>
    <subfield code="p">BIBTCEMT23120309</subfield>
    <subfield code="r">2023-12-07</subfield>
    <subfield code="t">Ex. 1</subfield>
    <subfield code="w">2023-12-07</subfield>
    <subfield code="y">CD</subfield>
    <subfield code="z">CD-ROM</subfield>
  </datafield>
  <datafield tag="952" ind1=" " ind2=" ">
    <subfield code="0">0</subfield>
    <subfield code="1">0</subfield>
    <subfield code="2">udc</subfield>
    <subfield code="4">0</subfield>
    <subfield code="7">0</subfield>
    <subfield code="a">BIBTCEMT</subfield>
    <subfield code="b">BIBTCEMT</subfield>
    <subfield code="d">2023-12-07</subfield>
    <subfield code="h">v. 2</subfield>
    <subfield code="l">0</subfield>
    <subfield code="o">336.14(813.1) C764</subfield>
    <subfield code="p">BIBTCEMT23120310</subfield>
    <subfield code="r">2023-12-07</subfield>
    <subfield code="t">Ex. 1</subfield>
    <subfield code="w">2023-12-07</subfield>
    <subfield code="y">LV</subfield>
  </datafield>
  <datafield tag="952" ind1=" " ind2=" ">
    <subfield code="0">0</subfield>
    <subfield code="1">0</subfield>
    <subfield code="2">udc</subfield>
    <subfield code="3">Material adicional do v. 2, Ex. 1 do livro</subfield>
    <subfield code="4">0</subfield>
    <subfield code="7">0</subfield>
    <subfield code="a">BIBTCEMT</subfield>
    <subfield code="b">BIBTCEMT</subfield>
    <subfield code="d">2023-12-07</subfield>
    <subfield code="h">v. 2</subfield>
    <subfield code="l">0</subfield>
    <subfield code="o">336.14(813.1) C764</subfield>
    <subfield code="p">BIBTCEMT23120311</subfield>
    <subfield code="r">2023-12-07</subfield>
    <subfield code="t">Ex. 1</subfield>
    <subfield code="w">2023-12-07</subfield>
    <subfield code="y">CD</subfield>
    <subfield code="z">CD-ROM</subfield>
  </datafield>
  <datafield tag="952" ind1=" " ind2=" ">
    <subfield code="0">0</subfield>
    <subfield code="1">0</subfield>
    <subfield code="2">udc</subfield>
    <subfield code="4">0</subfield>
    <subfield code="7">0</subfield>
    <subfield code="a">BIBTCEMT</subfield>
    <subfield code="b">BIBTCEMT</subfield>
    <subfield code="d">2023-12-07</subfield>
    <subfield code="h">v. 3</subfield>
    <subfield code="l">0</subfield>
    <subfield code="o">336.14(813.1) C764</subfield>
    <subfield code="p">BIBTCEMT23120314</subfield>
    <subfield code="r">2023-12-07</subfield>
    <subfield code="t">Ex. 1</subfield>
    <subfield code="w">2023-12-07</subfield>
    <subfield code="y">LV</subfield>
  </datafield>
  <datafield tag="952" ind1=" " ind2=" ">
    <subfield code="0">0</subfield>
    <subfield code="1">0</subfield>
    <subfield code="2">udc</subfield>
    <subfield code="3">Material adicional do v. 3, Ex. 1 do livro</subfield>
    <subfield code="4">0</subfield>
    <subfield code="7">0</subfield>
    <subfield code="a">BIBTCEMT</subfield>
    <subfield code="b">BIBTCEMT</subfield>
    <subfield code="d">2023-12-07</subfield>
    <subfield code="h">v. 3</subfield>
    <subfield code="l">0</subfield>
    <subfield code="o">336.14(813.1) C764</subfield>
    <subfield code="p">BIBTCEMT23120315</subfield>
    <subfield code="r">2023-12-07</subfield>
    <subfield code="t">Ex. 1</subfield>
    <subfield code="w">2023-12-07</subfield>
    <subfield code="y">CD</subfield>
    <subfield code="z">CD-ROM</subfield>
  </datafield>
  <datafield tag="999" ind1=" " ind2=" ">
    <subfield code="c">1422</subfield>
    <subfield code="d">1422</subfield>
  </datafield>
</record>
